Statistics for Clear All Country Borders on the Map of Europe

Click here to take the quiz!

General Stats

  • This quiz has been taken 184 times
    (153 since last reset)
  • The average score is 76 of 89

Answer Stats

L A B Bordering Countries % Correct
1619NorwaySwedenNorway-Sweden
100%
614FinlandSwedenFinland-Sweden
99%
623FranceSpainFrance-Spain
98%
1214PortugalSpainPortugal-Spain
98%
1340FinlandRussiaFinland-Russia
98%
456GermanyPolandGermany-Poland
98%
620BelgiumFranceBelgium-France
96%
736FinlandNorwayFinland-Norway
96%
959BelarusRussiaBelarus-Russia
96%
1576RussiaUkraineRussia-Ukraine
96%
360IrelandUnited KingdomIreland-United Kingdom
95%
339EstoniaLatviaEstonia-Latvia
95%
63.7AndorraSpainAndorra-Spain
94%
740ItalySwitzerlandItaly-Switzerland
94%
450MoldovaRomaniaMoldova-Romania
94%
453LatviaLithuaniaLatvia-Lithuania
94%
450BelgiumNetherlandsBelgium-Netherlands
94%
451FranceGermanyFrance-Germany
94%
577GermanyNetherlandsGermany-Netherlands
93%
573FranceSwitzerlandFrance-Switzerland
93%
608BulgariaRomaniaBulgaria-Romania
93%
56.6AndorraFranceAndorra-France
92%
488FranceItalyFrance-Italy
92%
407BelarusPolandBelarus-Poland
91%
196NorwayRussiaNorway-Russia
91%
294EstoniaRussiaEstonia-Russia
91%
217LatviaRussiaLatvia-Russia
91%
148BelgiumLuxembourgBelgium-Luxembourg
91%
138GermanyLuxembourgGermany-Luxembourg
91%
932Bosnia and HerzegovinaCroatiaBosnia and Herzegovina-Croatia
90%
68DenmarkGermanyDenmark-Germany
90%
282AlbaniaGreeceAlbania-Greece
90%
891BelarusUkraineBelarus-Ukraine
90%
939MoldovaUkraineMoldova-Ukraine
90%
227LithuaniaRussiaLithuania-Russia
90%
3.2ItalyVatican CityItaly-Vatican City
90%
206PolandRussiaPoland-Russia
90%
815Czech RepublicGermanyCzech Republic-Germany
89%
167BelgiumGermanyBelgium-Germany
89%
502BelarusLithuaniaBelarus-Lithuania
89%
91LithuaniaPolandLithuania-Poland
89%
215Czech RepublicSlovakiaCzech Republic-Slovakia
88%
784AustriaGermanyAustria-Germany
88%
39ItalySan MarinoItaly-San Marino
88%
73FranceLuxembourgFrance-Luxembourg
87%
494BulgariaGreeceBulgaria-Greece
87%
334GermanySwitzerlandGermany-Switzerland
87%
246GreeceMacedoniaGreece-Macedonia
87%
670CroatiaSloveniaCroatia-Slovenia
86%
4.4FranceMonacoFrance-Monaco
86%
41LiechtensteinSwitzerlandLiechtenstein-Switzerland
86%
658Czech RepublicPolandCzech Republic-Poland
86%
677HungarySlovakiaHungary-Slovakia
86%
362AustriaCzech RepublicAustria-Czech Republic
86%
352KosovoSerbiaKosovo-Serbia
86%
141BelarusLatviaBelarus-Latvia
85%
232ItalySloveniaItaly-Slovenia
85%
302Bosnia and HerzegovinaSerbiaBosnia and Herzegovina-Serbia
85%
430AustriaItalyAustria-Italy
85%
444PolandSlovakiaPoland-Slovakia
84%
531RomaniaUkraineRomania-Ukraine
84%
164AustriaSwitzerlandAustria-Switzerland
84%
366AustriaHungaryAustria-Hungary
83%
35AustriaLiechtensteinAustria-Liechtenstein
82%
330AustriaSloveniaAustria-Slovenia
81%
476RomaniaSerbiaRomania-Serbia
81%
241CroatiaSerbiaCroatia-Serbia
80%
443HungaryRomaniaHungary-Romania
80%
526PolandUkrainePoland-Ukraine
80%
318BulgariaSerbiaBulgaria-Serbia
79%
172AlbaniaMontenegroAlbania-Montenegro
79%
151AlbaniaMacedoniaAlbania-Macedonia
78%
124MontenegroSerbiaMontenegro-Serbia
77%
151HungarySerbiaHungary-Serbia
76%
102HungarySloveniaHungary-Slovenia
76%
159KosovoMacedoniaKosovo-Macedonia
76%
62MacedoniaSerbiaMacedonia-Serbia
76%
225Bosnia and HerzegovinaMontenegroBosnia and Herzegovina-Montenegro
75%
206GreeceTurkeyGreece-Turkey
75%
240BulgariaTurkeyBulgaria-Turkey
74%
329CroatiaHungaryCroatia-Hungary
74%
112AlbaniaKosovoAlbania-Kosovo
72%
79KosovoMontenegroKosovo-Montenegro
72%
91AustriaSlovakiaAustria-Slovakia
71%
148BulgariaMacedoniaBulgaria-Macedonia
71%
97SlovakiaUkraineSlovakia-Ukraine
71%
103HungaryUkraineHungary-Ukraine
66%
25CroatiaMontenegroCroatia-Montenegro
60%
1.2SpainUnited KingdomSpain-United Kingdom
48%

Score Distribution

Percentile by Number Answered

Percent of People with Each Score

Your Score History

You have not taken this quiz since the last reset